[Event "Turkey IS Bank Super League 2017"]
[Site "Darica-Kocaeli"]
[Date "2017.08.06"]
[Round "13"]
[White "Esen, Baris"]
[Black "Soysal, Serkan"]
[Result "1/2-1/2"]
[WhiteElo "2528"]
[BlackElo "2367"]
[Annotator "TA"]
[PlyCount "60"]
[EventType "team-tourn"]
[EventCountry "TUR"]
[SourceTitle "playchess.com"]
[Source "ChessBase"]
[SourceQuality "1"]

{[%evp 23,60,0,0,0,0,-11,0,0,0,0,0,0,0,-5,0,0,0,0,0,-6,0,0,0,0,0,0,0,0,0,0,0,0,0,0,0,0,0,0,0]} 1. d4 Nf6 2. c4 g6 3. Nc3 d5 4. Nf3 Bg7 5. e3 O-O 6. cxd5 Nxd5 7. Bc4 Nb6 8. Bb3 c5 9. O-O cxd4 10. exd4 Nc6 11. d5 Na5 12. Re1 Bg4 {The position is equal.} 13. h3 {D94: Grünfeld: 4 Nf3 Bg7 5 e3} Bxf3 14. Qxf3 Nxb3 (14... Re8 15. Bg5 Nxb3 {½-½ (15) Levin,E (2505)-Alekseev,E (2636) St Petersburg 2016}) 15. axb3 Re8 16. Rd1 Nc8 17. Be3 a6 18. Bd4 $146 ({Predecessor:} 18. Na4 Nd6 19. Nb6 Rb8 20. Qe2 Nf5 21. Bc5 {1-0 (59) Morley,P (2372)-Baumgartner,U (2391) ICCF email 2013}) 18... Nd6 19. Bxg7 Kxg7 20. Qe3 Rc8 (20... Nf5 $5 {[%cal Rf5e3]} 21. Qf3 Nd6 $11) 21. Re1 Qc7 22. Ra4 Qc5 23. Qf4 Rcd8 24. Re5 Qb6 25. Rb4 Qa5 26. Ra4 Qb6 27. Rb4 Qa5 28. Ra4 Qb6 29. Rb4 Qa5 30. Ra4 Qb6 {Precision: White = 97%, Black = 70%.} 1/2-1/2

[Event "Turkey IS Bank Super League 2017"]
[Site "Darica-Kocaeli"]
[Date "2017.08.07"]
[Round "13"]
[White "Benidze, Davit"]
[Black "Krasenkow, Michal"]
[Result "1/2-1/2"]
[WhiteElo "2515"]
[BlackElo "2630"]
[Annotator "TA"]
[PlyCount "29"]
[EventType "team-tourn"]
[EventCountry "TUR"]
[SourceTitle "playchess.com"]
[Source "ChessBase"]
[SourceQuality "1"]

{[%evp 19,29,-14,-7,-47,-8,-13,-16,-29,0,0,0,-31]} 1. Nf3 d5 2. g3 g6 3. Bg2 Bg7 4. O-O e5 5. d3 Ne7 6. e4 O-O 7. exd5 Nxd5 8. Re1 Nc6 9. Nbd2 h6 10. Nc4 Re8 11. c3 {A07: Réti Opening: New York and Capablanca Systems} Bf5 (11... Nb6 12. Ne3 Be6 13. Qc2 Qd7 14. a4 a5 15. Bd2 Rad8 16. Bf1 Bh3 17. Bxh3 Qxh3 18. Rad1 Kh8 {1-0 (47) Nepomniachtchi,I (2714)-Bacrot,E (2718) Beijing 2014}) 12. Nh4 Be6 13. Nf3 {[%cal Rf3e5]} Bf5 $146 ({Predecessor:} 13... f6 14. a4 a5 15. Qc2 Qd7 16. b3 Bf7 17. Bb2 b6 18. Rad1 Rad8 {0-1 (43) Rubes,J (2241)-Sadzikowski,D (2498) Teplice 2015}) 14. Nh4 Be6 15. Nf3 $1 1/2-1/2

[Event "Turkey IS Bank Super League 2017"]
[Site "Darica-Kocaeli"]
[Date "2017.08.08"]
[Round "13"]
[White "Sadikhov, Ulvi"]
[Black "Mchedlishvili, Mikheil"]
[Result "1/2-1/2"]
[WhiteElo "2494"]
[BlackElo "2602"]
[Annotator "TA"]
[PlyCount "46"]
[EventType "team-tourn"]
[EventCountry "TUR"]
[SourceTitle "playchess.com"]
[Source "ChessBase"]
[SourceQuality "1"]

{[%evp 19,46,0,6,-10,0,0,14,-14,-12,-26,0,-18,27,28,27,20,37,0,0,0,0,0,0,0,0,0,0,0,0]} 1. e4 c5 2. Nf3 e6 3. d4 cxd4 4. Nxd4 Nc6 5. Nc3 a6 6. Nxc6 bxc6 7. Bd3 d5 8. O-O Nf6 9. Re1 Bb7 10. e5 {B46: Sicilian: Taimanov: 5 Nc3 a6} Nd7 {LiveBook: 24 Games} 11. Qg4 (11. Na4 Qc7 12. Qe2 c5 13. c4 d4 14. b3 Be7 15. Bf4 O-O 16. Bg3 a5 17. f4 Qc6 18. Qc2 g6 19. Nb2 {0-1 (39) Sanal,V (2533)-Berkes,F (2654) Minsk 2017}) 11... c5 $146 ({Predecessor:} 11... Qc7 12. Qg3 g6 13. Bf4 c5 14. b3 h6 15. h4 Be7 16. Qg4 g5 17. hxg5 hxg5 {½-½ (32) Leon Hoyos,M (2511)-Gorovets,A (2476) South Padre Island 2014}) 12. b3 g6 13. Bf4 Qa5 14. Ne2 Bg7 (14... h5 $5 {[%cal Rh5g4]} 15. Qg3 h4 $11) 15. Ng3 Kf8 16. h4 h5 17. Qf3 {Threatens to win with Bxg6!} Qc7 18. Qe2 Qd8 {The position is equal.} 19. Bg5 Qb6 20. Bf4 Qd8 21. Bg5 Qb6 22. Bf4 Qd8 23. Bg5 Qb6 {Precision: White = 48%, Black = 61%.} 1/2-1/2

[Event "Turkey IS Bank Super League 2017"]
[Site "Darica-Kocaeli"]
[Date "2017.08.07"]
[Round "13"]
[White "Batsiashvili, Nino"]
[Black "Uzumcu, Ahmet Utku"]
[Result "1-0"]
[WhiteElo "2475"]
[BlackElo "2223"]
[Annotator "TA"]
[PlyCount "95"]
[EventType "team-tourn"]
[EventCountry "TUR"]
[SourceTitle "playchess.com"]
[Source "ChessBase"]
[SourceQuality "1"]

{[%evp 22,95,50,47,43,32,51,37,61,66,137,137,94,101,95,98,141,133,218,213,218,226,323,333,325,320,465,458,570,558,558,573,537,541,531,548,461,536,524,525,457,412,481,562,532,527,420,408,541,364,557,556,556,541,541,548,526,1080,1067,1076,756,1042,1018,970,841,875,982,828,2897,2541,5377,5189,6087,6087,3702,2641]} 1. d4 Nf6 2. c4 g6 3. Nc3 d5 4. cxd5 Nxd5 5. e4 Nxc3 6. bxc3 Bg7 7. Nf3 c5 8. Be3 Bg4 9. Rc1 Qa5 10. Qd2 O-O 11. Be2 cxd4 12. cxd4 {[%cal Bc3d4,Bd4d5][%mdl 32] LiveBook: 12 Games} Qxd2+ {D85: Exchange Grünfeld: Unusual White 7th moves and lines with 7 Nf3} (12... Nc6 13. Qxa5 Nxa5 14. h3 Bxf3 15. Bxf3 Rfc8 16. Ke2 e5 17. dxe5 Bxe5 18. Bg4 Rc4 19. f4 Bb2 20. Rxc4 Nxc4 {1-0 (52) Onischuk,A (2667)-Xiong,J (2674) Saint Louis 2017}) 13. Nxd2 ({But not} 13. Bxd2 Bxf3 14. Bxf3 Bxd4 $15) 13... Bxe2 14. Kxe2 Nc6 {White is slightly better.} 15. d5 Nd4+ (15... Nb4 $14) 16. Kd3 $16 Nb5 17. a4 $36 {[%mdl 2048] Black is under strong pressure.} Nd6 18. Rc7 Rfe8 $146 ({Predecessor:} 18... Rfc8 19. Rhc1 Rxc7 20. Rxc7 {½-½ (50) Gajic,S (1752)-Hoehne,V (1889) LSS email 2013}) 19. Bc5 Rac8 (19... f5 $16) 20. Bxd6 $1 $18 exd6 {[#]} 21. Rhc1 $1 ({Worse is} 21. Rxb7 Rc3+ 22. Ke2 Rc2 $11) 21... Rcd8 (21... Rb8 $142 22. Rb1 Kf8) 22. Rxb7 Bh6 23. f3 ({Weaker is} 23. Rxa7 Bxd2 24. Kxd2 Rxe4 $16) 23... f5 (23... a5 $142 24. Rcc7 Bxd2 25. Kxd2 Rf8) 24. Rcc7 Bxd2 25. Kxd2 fxe4 {[%mdl 4096] Endgame KRR-KRR} 26. Rg7+ Kh8 27. Rxh7+ Kg8 28. Rbg7+ Kf8 29. Rxa7 {[%cal Rh7h8] [#]} Kg8 30. Rhg7+ Kh8 31. f4 e3+ 32. Ke2 Rc8 33. Rgc7 Rb8 34. Rab7 Ra8 35. Re7 Rec8 (35... Rxe7 {was called for.} 36. Rxe7 Rxa4 37. Kxe3 Ra5) 36. Rh7+ {White is clearly winning.} Kg8 37. Rbg7+ Kf8 38. Rxg6 Rxa4 39. Rh8+ Kf7 40. Rxc8 Kxg6 41. Kxe3 {KR-KR} Ra3+ 42. Ke4 Ra4+ 43. Kf3 Rd4 44. Rg8+ Kf6 45. Rg5 Rd2 46. h4 Rd3+ 47. Kg4 Rd2 48. g3 {Precision: White = 98%, Black = 23%.} 1-0

[Event "Turkey IS Bank Super League 2017"]
[Site "Darica-Kocaeli"]
[Date "2017.08.06"]
[Round "13"]
[White "Ushenina, Anna"]
[Black "Daulyte, Deimante"]
[Result "1-0"]
[WhiteElo "2458"]
[BlackElo "2419"]
[Annotator "TA"]
[PlyCount "59"]
[EventType "team-tourn"]
[EventCountry "TUR"]
[SourceTitle "playchess.com"]
[Source "ChessBase"]
[SourceQuality "1"]

{[%evp 28,59,68,68,70,68,89,67,69,59,55,52,176,161,164,143,208,179,302,257,357,310,468,462,433,446,472,461,432,430,921,921,885,881]} 1. d4 d5 2. c4 e6 3. Nc3 Bb4 4. a3 Bxc3+ 5. bxc3 Nf6 6. cxd5 exd5 7. e3 O-O 8. Bd3 Re8 9. f3 b6 10. Ne2 c5 11. O-O Ba6 12. Ng3 Bxd3 13. Qxd3 Nc6 14. Bb2 Qd7 {E49: Nimzo-Indian: Rubinstein: 5 Bd3 d5 6 a3 Bxc3+ 7 bxc3} (14... Rc8 15. Rae1 Qc7 16. e4 Ne7 17. e5 Nd7 18. a4 cxd4 19. cxd4 Qc2 20. Qxc2 Rxc2 21. Ba3 g6 22. Rc1 Ra2 23. Bxe7 Rxe7 {½-½ (64) Eljanov,P (2739)-Wang,Y (2737) Baku 2016}) 15. e4 {[%cal Be3e4,Be4e5,Be5e6][%mdl 32] LiveBook: 8 Games} Rf8 $146 ({Predecessor:} 15... dxe4 16. fxe4 Qe6 17. e5 c4 18. Qf3 Nd5 19. Ne4 Rf8 20. a4 Nce7 21. Ba3 Rad8 22. Rae1 {1-0 (35) Milov,V (2622)-Klauser,M (2384) Bern 2014}) 16. Rae1 c4 {White is slightly better.} 17. Qc2 b5 18. e5 Ne8 19. f4 {[%cal Bf3f4,Bf4f5][%mdl 32]} Nc7 (19... a5 $14) 20. f5 $18 f6 21. e6 $36 {[%mdl 2048] Keeping Black busy.} Qe8 (21... Qe7 $16) 22. Qd1 Kh8 (22... a5 $142 23. Re3 b4) 23. Qg4 Ne7 24. Bc1 a5 (24... Rg8 {was necessary.} 25. Nh5 Rd8) 25. Nh5 {[%csl Gh5][%cal Rg4g7] [#] White is clearly winning.} Rg8 26. Re3 Qf8 27. Rh3 Ne8 28. Nf4 {Intending Rxh7+! and mate.} h6 (28... g5 $142 29. fxg6 Rg7) 29. Ng6+ Nxg6 30. Qxg6 {Precision: White = 93%, Black = 33%.} 1-0

[Event "Turkey IS Bank Super League 2017"]
[Site "Darica-Kocaeli"]
[Date "2017.08.07"]
[Round "13"]
[White "Asadli, Vugar"]
[Black "Yurtseven, Melih"]
[Result "1-0"]
[WhiteElo "2457"]
[BlackElo "2353"]
[Annotator "TA"]
[PlyCount "103"]
[EventType "team-tourn"]
[EventCountry "TUR"]
[SourceTitle "playchess.com"]
[Source "ChessBase"]
[SourceQuality "1"]

{[%evp 27,103,33,40,34,41,45,53,53,50,53,67,56,67,59,67,66,59,69,70,49,81,68,77,75,98,98,98,95,126,61,136,126,125,93,162,124,131,131,131,116,127,132,137,136,177,75,182,191,194,188,233,241,557,553,535,519,778,768,758,737,690,621,1416,492,491,458,472,483,484,481,481,456,516,512,628,633,602,590]} 1. e4 e6 2. d4 d5 3. Nd2 Nc6 4. Ngf3 Nf6 5. e5 Nd7 6. Be2 f6 7. exf6 Qxf6 8. Nf1 Bd6 9. Ne3 O-O 10. O-O Qg6 11. c4 {C04: French Tarrasch: 3...Nc6} Nf6 12. c5 (12. Re1 Bd7 13. Qb3 a5 14. c5 Bf4 15. g3 Ne4 16. Ng2 Bxc1 17. Raxc1 Qf6 18. Rcd1 g5 {0-1 (27) Druska,J (2457)-Vovk,Y (2596) Slovakia 2016}) 12... Be7 13. Bb5 Bd7 14. Bxc6 Bxc6 {LiveBook: 9 Games} 15. Ne5 Qe8 16. a4 a5 17. Qc2 ({Much worse is} 17. Nxc6 Qxc6 18. Ng4 Nxg4 $15) 17... Ra6 $146 ({Predecessor:} 17... Rc8 18. Bd2 b6 {½-½ (52) Cilento,L (1934)-Rocha,V (2119) Joao Pessoa 2016}) 18. b3 Qc8 19. f3 Be8 20. Bd2 Qb8 21. Rac1 Ra8 22. Rfe1 c6 23. Qc3 Bd8 24. N3g4 Bc7 25. h3 Qd8 26. Bg5 Qc8 27. Qe3 Bd8 28. Bxf6 ({Better is} 28. Nd3 $16) 28... Bxf6 (28... gxf6 $14 29. Nd3 h5) 29. Nxf6+ $16 gxf6 30. Ng4 Bd7 (30... h5 $16) 31. Qf4 Qd8 32. Re3 Kh8 33. Rce1 $36 {[%mdl 2048] Keeping Black busy.} Qe7 34. Qc7 Qd8 {[#]} 35. Qd6 $1 Rc8 {[#]} 36. Nf2 (36. f4 $1 $18 {[%cal Rf4f5] is more deadly. And now f5! would win.} Qc7 37. f5 exf5 38. Re7 fxg4 39. Rxd7 Qxd6 40. cxd6) 36... Qe8 (36... Qc7 $16) 37. Nd3 $18 Qf7 38. Nf4 Rce8 39. Nxe6 Rg8 $2 (39... Bxe6 40. Rxe6 Rd8) 40. Nf4 {White is clearly winning.} Rxe3 41. Rxe3 {Strongly threatening Re7.} Bf5 42. Re7 Qf8 43. Rxb7 Qh6 44. Rf7 Bc2 45. Qxf6+ (45. Rxf6 $142 Qg5 46. Rf7) 45... Qxf6 46. Rxf6 {[%mdl 4096] Endgame KRB-KRN} Rc8 47. Rf7 Bxb3 48. Ra7 Bxa4 49. Rxa5 Bb5 {[#]} 50. Nxd5 $1 {[%mdl 512]} Rd8 (50... cxd5 51. Rxb5) 51. Nc7 Bc4 52. Ra8 {Precision: White = 60%, Black = 43%.} 1-0

[Event "Turkey IS Bank Super League 2017"]
[Site "Darica-Kocaeli"]
[Date "2017.08.08"]
[Round "13"]
[White "Ozer, Omer Faruk"]
[Black "Gokerkan, Cem Kaan"]
[Result "0-1"]
[WhiteElo "2411"]
[BlackElo "2321"]
[Annotator "TA"]
[PlyCount "142"]
[EventType "team-tourn"]
[EventCountry "TUR"]
[SourceTitle "playchess.com"]
[Source "ChessBase"]
[SourceQuality "1"]

{[%evp 10,142,29,13,17,13,16,13,8,0,43,0,0,0,14,0,10,18,12,9,35,30,94,25,25,35,42,30,27,16,0,0,71,0,20,8,15,0,17,0,0,0,0,0,0,0,17,0,8,-32,-32,-119,0,0,0,-163,-144,-177,-63,-63,-51,-51,-51,-51,-50,-51,-61,-57,-44,-124,-130,-156,-151,-188,-188,-196,-195,-193,-192,-197,-196,-232,-220,-405,-255,-450,-462,-474,-467,-445,-436,-613,-580,-1016,-615,-590,-473,-464,-450,-698,-723,-700,-588,-658,-591,-785,-782,-826,-777,-761,-751,-654,-591,-668,-795,-940,-816,-1415,-1392,-5069,-1012,-1364,-1318,-1084,-899,-2758,-2655,-29973,-29973,-29968,-29970,-29975,-2319,-29984,-29985]} 1. e4 c5 2. Nf3 d6 3. d4 cxd4 4. Nxd4 Nf6 5. Nc3 a6 6. Nb3 g6 {B90: Sicilian Najdorf: Unusual White 6th moves, 6 Be3 Ng4 and 6 Be3 e5} (6... e5 7. Bg5 Be7 8. Bxf6 Bxf6 9. Qd3 Be6 10. O-O-O Be7 11. Nd5 Bxd5 12. Qxd5 Qc7 13. Kb1 O-O 14. Na5 Nc6 15. Nc4 Rad8 {1-0 (50) Grischuk,A (2737)-Nepomniachtchi,I (2767) Doha 2016}) 7. Be2 Bg7 8. g4 Nc6 {The position is equal.} 9. Be3 b5 10. f3 $146 ({Find the theoretical novelty and annotate with similar games:} 10. a3 Bb7 11. g5 Nd7 12. f4 Na5 13. Nxa5 Qxa5 14. Bd2 Qc7 {0-1 (34) Qiu,M (2178)-Zhang,Z (2236) Shijiazhuang 2015}) 10... Bb7 11. Qd2 Rc8 12. O-O-O Ne5 13. Kb1 Qc7 14. a3 Nc4 15. Bxc4 $1 Qxc4 (15... bxc4 $11 {remains equal.} 16. Nd4 h5) 16. e5 (16. Bh6 $16 Bxh6 17. Qxh6) 16... Bxf3 $11 {...Ne4 is the strong threat.} 17. exf6 Bxf6 18. Bd4 $1 {[%cal Rd4f6]} Bxd4 19. Nxd4 Bxh1 20. Rxh1 Rc5 (20... h5 $11) 21. Nd1 (21. Re1 $16) 21... Re5 22. Ne3 Qc5 23. c3 a5 24. Rf1 O-O 25. h4 Rb8 (25... b4 $5 26. axb4 (26. cxb4 axb4 27. axb4 Qa7 $11) 26... axb4 27. cxb4 Qa7 $15) 26. Nec2 Qd5 27. Qf2 (27. h5 $5) 27... f6 28. Ka1 Qe4 29. g5 (29. h5 $5) 29... Rf8 30. h5 (30. b4 $15) 30... Rxg5 (30... gxh5 $17 31. gxf6 Rxf6 32. Rg1+ Kh8) 31. Re1 Qg2 32. Qe3 $2 (32. Qxg2 $11 {and White stays safe.} Rxg2 33. Rxe7) 32... Re5 $1 $19 {[%cal Re5e3]} 33. Rg1 Rxe3 ({Black should play} 33... Qd5 $19 34. Qd3 Rxh5) 34. Rxg2 $15 Re5 35. hxg6 hxg6 36. Rxg6+ Kf7 37. Rg2 Rc8 38. Ka2 Rcc5 39. a4 (39. Rf2 $15) 39... bxa4 $17 40. Ka3 Rg5 41. Rh2 e5 42. Nf3 Rg4 $1 43. Nd2 d5 44. Ne3 Rf4 45. Rh7+ Ke6 46. Rh3 $2 (46. Rh2 {was worth a try.}) 46... Rc8 47. Ka2 $2 (47. Nf3) 47... Rf2 $19 48. Nb1 Rb8 49. Nd1 Rc2 50. Rd3 (50. Na3 $142 Rd2 51. Rh1) 50... f5 {[%cal Bf6f5,Bf5f4][%mdl 32]} 51. Nd2 Rc1 52. Ne3 Rb5 53. c4 dxc4 54. Ndxc4 (54. Nexc4 $142 Rd5 55. Rxd5 Kxd5 56. Nb6+ Kd4 57. Nxa4) 54... f4 55. Rd6+ Kf7 56. Rd7+ Kf8 57. Rd1 Rxd1 58. Nxd1 Rc5 59. Nb6 Rc1 60. Nf2 Ke7 61. Nd3 Rc6 62. Nxa4 Kf6 63. Nc3 Kf5 64. Nf2 {[#]} Rc4 (64... Rxc3 $142 $1 {[%mdl 512]} 65. bxc3 e4) 65. Kb3 Rb4+ 66. Kc2 e4 {[%cal Be5e4,Be4e3][%mdl 32]} 67. b3 Rd4 68. Ncd1 Rd8 69. Nc3 e3 70. Nd3 Rc8 (70... f3 $142 71. Nd1 e2 72. N1f2 {[#]} Rxd3 $1 {[%mdl 512]} 73. Nxd3 f2 $1 {[%mdl 512]} 74. Nxf2 e1=Q 75. Nd3 Qe2+ 76. Kc3 Ke4 77. Nc1 Qe1+ 78. Kc2 Ke3 79. Kb2 Qd2+ 80. Kb1 Qc3 81. Ka2 Qxc1 82. b4 a4 83. b5 Qc2+ 84. Ka1 a3 85. b6 Qb2#) 71. b4 f3 {Precision: White = 30%, Black = 64%.} 0-1

[Event "Turkey IS Bank Super League 2017"]
[Site "Darica-Kocaeli"]
[Date "2017.08.08"]
[Round "13"]
[White "Arat, Ufuk Sezen"]
[Black "Yaran, Siar"]
[Result "1-0"]
[WhiteElo "2400"]
[BlackElo "2253"]
[Annotator "TA"]
[PlyCount "107"]
[EventType "team-tourn"]
[EventCountry "TUR"]
[SourceTitle "playchess.com"]
[Source "ChessBase"]
[SourceQuality "1"]

{[%evp 16,107,0,7,18,14,16,14,43,34,43,43,39,51,68,55,80,82,93,45,75,72,70,76,126,102,129,133,165,168,169,160,201,209,518,556,453,366,372,350,353,352,560,316,327,315,307,249,241,192,208,194,203,202,195,184,185,135,135,135,135,135,135,135,126,125,206,206,206,202,202,181,181,103,103,103,183,103,103,103,150,150,150,150,12846,12847,12847,12847,12848,12847,12849,12849,12850,12850]} 1. d4 Nf6 2. c4 e6 3. g3 d5 4. Bg2 Be7 5. Nf3 O-O 6. Nbd2 b6 {E06: Closed Catalan: Early deviations} 7. cxd5 (7. O-O Bb7 8. b3 Nbd7 9. Bb2 c5 10. Rc1 Rc8 11. cxd5 {½-½ (11) Bauer,C (2634)-Gharamian,T (2627) Maastricht 2016}) 7... exd5 8. O-O Bb7 9. b3 {LiveBook: 3 Games} a6 $146 ({Predecessor:} 9... a5 10. a3 Re8 11. Bb2 Ne4 12. Nxe4 dxe4 13. Ne5 Nd7 14. Qc2 {1-0 (48) Gharibyan,M (2397)-Viskelis,D (2326) Poti 2017}) 10. Ne5 Re8 11. Bb2 Ra7 12. Rc1 Ba8 13. Re1 Bf8 14. Qc2 Qd6 15. e4 Qe6 16. exd5 Bxd5 17. Nd3 Qd7 18. Nf3 $36 {[%mdl 2048] White has strong initiative.} Rxe1+ 19. Rxe1 Nc6 20. Nfe5 Nxe5 21. dxe5 ({Don't take} 21. Nxe5 $6 Qe6 $14) 21... Ne8 22. Bxd5 Qxd5 23. Nf4 Qa5 24. Rd1 c5 $2 (24... Qc5 {is more resistant.} 25. Qe4 Qb4) 25. Rd8 $18 Re7 26. Nd5 Re6 27. a4 {Bc3 is the strong threat.} b5 28. Rd7 Qe1+ 29. Kg2 Rxe5 30. Bxe5 Qxe5 31. axb5 axb5 32. Qd3 Nd6 33. Ne3 g6 34. Qd5 Qxd5+ 35. Nxd5 {[%mdl 4096] Endgame Threatens to win with Nf6+. KRN-KBN} Kg7 36. Rc7 Nf5 37. Rb7 Nd4 38. b4 cxb4 {Black wants to play ...b3.} 39. Nc7 h5 40. Nxb5 Nxb5 (40... Ne6 $16 41. Nc7 Nxc7) 41. Rxb5 $16 {KR-KB} Bd6 42. Kf3 f5 43. Ke3 h4 44. Kd4 (44. Rd5 $18 Be7 45. gxh4) 44... hxg3 45. hxg3 {Hoping for Kd5.} ({But not} 45. fxg3 f4 $18) 45... Kf7 {[#]} (45... Be7 $16 {might work better.} 46. Kc4 Kf7) 46. Kd5 (46. Rb7+ $1 $18 Ke6 47. Rb6) 46... Be7 47. f4 Bf6 48. Rxb4 {Strongly threatening Rb7+.} Bc3 49. Rb7+ Kg8 $2 {[#]} (49... Kf6 $16 50. Rb1 Ba5) 50. Ke6 $1 $18 {White is clearly winning.} Bd4 51. Rd7 Bc3 52. Rd3 Bb2 {[#]} 53. g4 $1 fxg4 54. Rg3 {Precision: White = 74%, Black = 50%.} 1-0

[Event "Turkey IS Bank Super League 2017"]
[Site "Darica-Kocaeli"]
[Date "2017.08.06"]
[Round "13"]
[White "Karavade, Eesha"]
[Black "Ozturk, Kubra"]
[Result "1/2-1/2"]
[WhiteElo "2397"]
[BlackElo "2298"]
[Annotator "NA"]
[PlyCount "66"]
[EventType "team-tourn"]
[EventCountry "TUR"]
[SourceTitle "playchess.com"]
[Source "ChessBase"]
[SourceQuality "1"]
[TimeControl "40/5400+30:1800+30"]

{[%evp 15,64,13,32767,32767,8,5,7,8,32767,0,12,0,-12,-12,-10,-13,-9,-16,-15,-10,-22,-21,-19,-21,32767,32767,-18,-37,-24,-28,-24,-20,-13,-21,-14,-28,-18,-50,-16,-19,-16,-17,-16,-13,-7,-22,32767,32767,32767,32767,-12]} 1. e4 {[%emt 0:00:30]} e5 {[%emt 0:01:00]} 2. Nc3 {[%emt 0:00:30]} Nf6 {[%emt 0:00:30]} 3. Bc4 {[%emt 0:00:30]} Nxe4 {[%emt 0:00:00]} 4. Qh5 {[%emt 0:02:30]} Nd6 {[%emt 0:01:00]} 5. Qxe5+ {[%emt 0:01:30]} Qe7 {[%emt 0:00:30]} 6. Qxe7+ {[%emt 0:00:30]} Bxe7 {[%emt 0:00:30]} 7. Bb3 {[%emt 0:00:00]} O-O {[%emt 0:00:30]} 8. Nf3 {[%emt 0:00:00]} Nf5 {[%emt 0:03:30] C42: Petroff Defence: 3 Nxe5 and unusual White 3rd moves} 9. O-O {[%emt 0:00:30]} c6 {[%emt 0:03:30]} 10. Re1 {[%emt 0:02:30]} d5 {[%emt 0:02:30] LiveBook: 3 Games} 11. Ne2 {[%emt 0:02:30]} Nh4 $146 {[%emt 0:05:30]} ({Predecessor:} 11... Re8 12. c3 Nd7 13. Bc2 Nf8 14. d4 Nh4 15. Nxh4 Bxh4 16. a4 {½-½ (34) Harika,D (2542)-Muzychuk,A (2550) Baku 2016}) 12. Nxh4 {[%emt 0:07:30]} Bxh4 {[%emt 0:00:30]} 13. d4 {[%emt 0:02:30]} Bf5 {[%emt 0:00:30]} 14. Ng3 {[%emt 0:00:30]} Bg6 {[%emt 0:00:30]} 15. Bf4 {[%emt 0:01:30]} Nd7 {[%emt 0:02:30]} 16. Re2 {[%emt 0:04:30]} Rfe8 {[%emt 0:07:30]} 17. Rae1 {[%emt 0:00:30]} Rxe2 {[%emt 0:00:30]} 18. Rxe2 {[%emt 0:00:30]} Nf8 {[%emt 0:00:30]} 19. c3 {[%emt 0:02:30]} Ne6 {[%emt 0:02:30]} 20. Bc1 {[%emt 0:00:30]} Bd3 {[%emt 0:06:30]} 21. Re3 {[%emt 0:06:30]} Bg5 {[%emt 0:05:30]} 22. Re1 {[%emt 0:02:30]} Bxc1 {[%emt 0:02:30]} 23. Rxc1 {[%emt 0:00:30]} Nf4 {[%emt 0:00:00]} 24. Re1 {[%emt 0:00:30]} Kf8 {[%emt 0:00:00]} 25. Bd1 {[%emt 0:06:30]} Re8 {[%emt 0:07:30]} 26. Rxe8+ {[%emt 0:01:30]} Kxe8 {[%emt 0:00:00]} 27. Nh5 {[%emt 0:00:30]} Ne6 {[%emt 0:09:00]} 28. f3 {[%emt 0:00:30]} g6 {[%emt 0:05:30]} 29. Nf6+ {[%emt 0:01:30]} Ke7 {[%emt 0:00:30]} 30. Ng4 {[%emt 0:00:00]} Bb1 {[%emt 0:03:30]} 31. a3 {[%emt 0:01:00]} Nf4 {[%emt 0:04:30]} 32. Nf2 {[%emt 0:00:30]} Kd6 $11 {[%emt 0:02:30]} 33. g3 {[%emt 0:01:30]} Nd3 {[%emt 0:00:30]} 1/2-1/2